000 00872nam a22002537a 4500
001 6749
003 FISKH
005 20250523153209.0
008 250523b cb ||||| |||| 00| 0 eng d
020 _a9782070513338
040 _aFISKH
_bFrench
_cFISKH
_dFISKH
050 _aPZ7.D1515 C
082 _a823.914
100 _aDahl, Roald
245 _aCharlie et la chocolaterie /
_cBy Roald Dahl
260 _aParis :
_bGallimard Jeunesse ,
_c1997.
300 _a234 pages :
_billustrations ;
_c18 cm .
490 _aCharlie and the Chocolate Factory (1)
520 _aEach of five children lucky enough to discover an entry ticket into Mr. Willy Wonka's mysterious chocolate factory takes advantage of the situation in his own way.
650 _aCandy
_vchildren's literature
700 _aBlake, Quentin
_eIllustrator
942 _2ddc
_cBK
_n0
999 _c6749
_d6749